គណិតវិទ្យា ថ្នាក់ទី ៥ / (Record no. 9163)
[ view plain ]
| 000 -LEADER | |
|---|---|
| fixed length control field | 01464nam a22002297a 4500 |
| 001 - CONTROL NUMBER | |
| control field | 9163 |
| 003 - CONTROL NUMBER IDENTIFIER | |
| control field | FISKH |
| 005 - DATE AND TIME OF LATEST TRANSACTION | |
| control field | 20251126114843.0 |
| 008 - FIXED-LENGTH DATA ELEMENTS--GENERAL INFORMATION | |
| fixed length control field | 251126b cb ||||| |||| 00| 0 eng d |
| 020 ## - INTERNATIONAL STANDARD BOOK NUMBER | |
| International Standard Book Number | 9789995001308 |
| 040 ## - CATALOGING SOURCE | |
| Original cataloging agency | FISKH |
| Language of cataloging | khr |
| Transcribing agency | FISKH |
| Modifying agency | FISKH |
| 082 ## - DEWEY DECIMAL CLASSIFICATION NUMBER | |
| Classification number | 510 |
| 100 ## - MAIN ENTRY--PERSONAL NAME | |
| Personal name | Vibol, Prom |
| 245 ## - TITLE STATEMENT | |
| Title | គណិតវិទ្យា ថ្នាក់ទី ៥ / |
| Statement of responsibility, etc. | គណះកម្មការនិពន្ធ លោក ព្រំ វិបុល, លោក សូរ ច័ន្ទបូរី , លោក ភី ជន់ និង លោក ហំ សេង |
| 260 ## - PUBLICATION, DISTRIBUTION, ETC. | |
| Place of publication, distribution, etc. | ភ្នំពេញ : |
| Name of publisher, distributor, etc. | គ្រឹះស្ថានបោះពុម្ពនិងចែកផ្សាយ , |
| Date of publication, distribution, etc. | 2022. |
| 300 ## - PHYSICAL DESCRIPTION | |
| Extent | 124 pages : |
| Other physical details | illustrations ; |
| Dimensions | 25 cm . |
| 520 ## - SUMMARY, ETC. | |
| Summary, etc. | នៅក្នុងសៀវភៅនេះមានខ្លឹមសារសំខាន់ៗចំនួន៥ដែលតម្រូវអោយសិស្សសិក្សាអំពីចំនួន រង្វាស់ចំណុះ រង្វាស់ប្រវែង រង្វាស់ទម្ងន់ ធរណីមាត្រ ស្ថិតិ លំនាំគំរូ ។ |
| 520 ## - SUMMARY, ETC. | |
| Summary, etc. | “This book contains five essential topics that require students to study numbers, volume, length, weight, geometry, statistics, and patterns.” |
| 700 ## - ADDED ENTRY--PERSONAL NAME | |
| Personal name | Cheat, Ton |
| Relator term | Illustrator |
| 942 ## - ADDED ENTRY ELEMENTS (KOHA) | |
| Source of classification or shelving scheme | Dewey Decimal Classification |
| Koha item type | Khmer Books |
| Suppress in OPAC | No |
| Withdrawn status | Lost status | Source of classification or shelving scheme | Damaged status | Not for loan | Collection | Home library | Current library | Shelving location | Date acquired | Total Checkouts | Full call number | Barcode | Date last seen | Price effective from | Koha item type |
|---|---|---|---|---|---|---|---|---|---|---|---|---|---|---|---|
| Dewey Decimal Classification | Khmer Language Books / សៀវភៅភាសាខ្មែរ | Footprints International School Library Network Toul Tom Poung Campus | Footprints International School Library Network Toul Tom Poung Campus | Librarian's Shelf TTP | 11/26/2025 | VIB 510 | 2025-4913 | 11/26/2025 | 11/26/2025 | Khmer Books |
